00366 a2200109 4500001001000000005001700010008004100027245008100068100002000149773007000169999001700239ART_5565520260410162029.0260409a 10aTipo de proceso y protección de los intereses económicos del consumidor:1 aRossi, Jorge O.0 tTemas de derecho procesalg- Año 6, N° 4 (abr. 2022)wREV44095 c33847d33847